书目信息 |
| 题名: |
人性与命运
|
|
| 作者: | 黎鸣 著 | |
| 分册: | ||
| 出版信息: | 北京 中国档案出版社 2006.06 |
|
| 页数: | 396页 | |
| 开本: | 25cm | |
| 丛书名: | ||
| 单 册: | ||
| 中图分类: | B82-061 | |
| 科图分类: | ||
| 主题词: | 人性--ren xing--研究 | |
| 电子资源: | ||
| ISBN: | 7-80166-699-2 | |
| 000 | 01063nam0 2200217 450 | |
| 001 | 012007533422 | |
| 005 | 20070929093839.87 | |
| 010 | @a7-80166-699-2@dCNY39.80 | |
| 100 | @a20070725d2006 km y0chiy0120 ea | |
| 101 | 0 | @achi |
| 102 | @aCN@b110000 | |
| 105 | @aa z 000yy | |
| 200 | 1 | @a人性与命运@Aren xing yu ming yun@f黎鸣著@Fli ming zhu |
| 210 | @a北京@c中国档案出版社@d2006.06 | |
| 215 | @a396页@c图@d25cm | |
| 330 | @a本书把著名思想家黎坞先生的最重要的大约240万字的七部书(《问人性》上下卷、《问天命》三卷——《命运的诅咒》、《道德的沦陷》、 《悲剧的源流》、 《中国人为什么这么“愚蠢”》和《西方哲学死了》)的精华;汇萃为仅40余万字的一册。目的在于,以尽可能短的篇辐和尽可能低廉的价格,把黎鸣先生的思想理论广泛传播到尽可能多的青年当中,以期望用尽可能明确、有效的思维方法,帮助广大的中国青年,使自己以尽可能,决的速度,聪明起来,强大起来。黎鸣先生认为,人生追求的最终极的目标是智慧,因为在人类历史中,只有智慧。 | |
| 606 | 0 | @a人性@Aren xing@x研究 |
| 690 | @aB82-061@v4 | |
| 701 | 0 | @a黎鸣@Ali ming@4著 |
| 801 | 0 | @aCN@c20070929 |
| 905 | @dB82-061@eL108 | |
| 人性与命运/黎鸣著.-北京:中国档案出版社,2006.06 |
| 396页:图;25cm |
| ISBN 7-80166-699-2:CNY39.80 |
| 本书把著名思想家黎坞先生的最重要的大约240万字的七部书(《问人性》上下卷、《问天命》三卷——《命运的诅咒》、《道德的沦陷》、 《悲剧的源流》、 《中国人为什么这么“愚蠢”》和《西方哲学死了》)的精华;汇萃为仅40余万字的一册。目的在于,以尽可能短的篇辐和尽可能低廉的价格,把黎鸣先生的思想理论广泛传播到尽可能多的青年当中,以期望用尽可能明确、有效的思维方法,帮助广大的中国青年,使自己以尽可能,决的速度,聪明起来,强大起来。黎鸣先生认为,人生追求的最终极的目标是智慧,因为在人类历史中,只有智慧。 |
| ● |
| 相关链接 |
|
|
|
正题名:人性与命运
索取号:B82-061/L108
 
预约/预借
| 序号 | 登录号 | 条形码 | 馆藏地/架位号 | 状态 | 备注 |
| 1 | 248651 | 202486513 | 社科库509/509社科库 21排2列4层/ [索取号:B82-061/L108] | 在馆 | |
| 2 | 248652 | 202486522 | 社科库509/504自科库 42排5列1层/ [索取号:B82-061/L108] | 在馆 | |
| 3 | 248653 | 202486531 | 社科库509/509社科库 21排2列4层/ [索取号:B82-061/L108] | 在馆 |